| 000 | 00619nam a2200193 i 4500 | ||
|---|---|---|---|
| 001 | 65030 | ||
| 003 | ES-MaACL | ||
| 005 | 20250728051241.0 | ||
| 007 | t| | ||
| 008 | 040108s1932 sp |||| | spa d | ||
| 100 | 1 |
_aFrank, Waldo. _952316 |
|
| 245 | 1 | 0 |
_aAmérica hispana _b: un retrato y una perspectiva / _cpor Waldo Frank ; traducido del inglés por León Felipe. |
| 260 |
_aMadrid : _bEspasa-Calpe, _c1932. |
||
| 300 |
_aXVI, 286 p. ; _c23 cm. |
||
| 651 | 4 |
_aAmérica Latina- _xDescripción _97745 |
|
| 700 | 1 |
_aLeón Felipe, _d1884-1968 _971613 |
|
| 852 |
_aES-MaACL _jA-1045 |
||
| 999 |
_c65030 _d65030 |
||